| 000 | 00853nam a2200193Ia 4500 | ||
|---|---|---|---|
| 999 |
_c40759 _d40759 |
||
| 001 | 7398 | ||
| 003 | GE_BSU | ||
| 005 | 20231128120752.0 | ||
| 008 | 181216s1961||||ge |||||||||||||| ||geo|| | ||
| 040 | _cGE_BSU | ||
| 041 | _ageo | ||
| 080 | _a821.353.1-31 დ-14 | ||
| 100 |
_aდადიანი, შალვა _920492 |
||
| 245 |
_aრჩეული თხზულებანი ხუთ ტომად : ტ 5 : _bმოგონებანი / _cშალვა დადიანი ; სარედ. კოლ. ბ. ჟღენტი, ა. მირცხულავა, ვ. მგალობლიშვილი. |
||
| 264 |
_aთბილისი : _bსაბჭ.საქართველო, _c1961. |
||
| 300 |
_a372 გვ. ; _c22 სმ. |
||
| 653 | _aრჩეული თხზულებანი | ||
| 942 |
_cBK _2udc |
||